000 00341nam a2200133Ia 4500
008 191206s9999 xx 000 0 und d
020 _a869253220
090 _aMLCS901057(P)
245 0 _aMitambo yavasikana navakomana pasichigare
260 _aCollege Press
260 _cc1984
300 _a122 p. : ill. ; 21 cm.
999 _c16504
_d16504